State Capitals in Population Order - Statistics

General Stats
  • This quiz has been taken 24 times
  • The average score is 26 of 50
Answer Stats
Population Answer % Correct
1,608,139 Phoenix
100%
524,943 Sacramento
100%
961,855 Austin
91%
675,647 Boston
91%
887,642 Indianapolis
91%
311,527 Saint Paul
91%
498,715 Atlanta
82%
350,964 Honolulu
82%
681,054 Oklahoma City
82%
905,748 Columbus
73%
269,840 Madison
73%
689,447 Nashville
73%
467,665 Raleigh
73%
715,522 Denver
64%
214,133 Des Moines
64%
202,591 Little Rock
64%
200,603 Montgomery
64%
196,169 Tallahassee
64%
227,470 Baton Rouge
55%
235,684 Boise
55%
32,091 Helena
55%
153,701 Jackson
55%
291,082 Lincoln
55%
175,535 Salem
55%
99,224 Albany
45%
121,054 Hartford
45%
112,644 Lansing
45%
55,605 Olympia
45%
190,934 Providence
45%
226,610 Richmond
45%
126,587 Topeka
45%
40,812 Annapolis
36%
136,632 Columbia
36%
28,602 Frankfort
36%
50,099 Harrisburg
36%
43,228 Jefferson City
36%
32,255 Juneau
36%
8,074 Montpelier
36%
14,091 Pierre
36%
199,723 Salt Lake City
36%
114,394 Springfield
36%
18,899 Augusta
27%
73,622 Bismarck
27%
58,639 Carson City
27%
48,864 Charleston
27%
43,976 Concord
27%
39,403 Dover
27%
65,132 Cheyenne
18%
87,505 Santa Fe
18%
90,871 Trenton
18%
No matching quizzes found
Score Distribution
Percent of People with Each Score
Percentile by Number Answered
Your Score History
You have not taken this quiz